[Event "Orsha blitz op"]
[Site "Orsha"]
[Date "2019.01.19"]
[Round "5"]
[White "Yashmetov, Mikhail"]
[Black "Loshakov, Dmitry"]
[Result "1-0"]
[WhiteElo "2375"]
[BlackElo "1960"]
[PlyCount "57"]
[EventDate "2019.01.19"]
[EventType "swiss (blitz)"]
[EventRounds "10"]
[EventCountry "BLR"]
[SourceTitle "CBM 189 Extra"]
[Source "ChessBase"]
[SourceDate "2019.05.31"]
[SourceVersion "1"]
[SourceVersionDate "2019.05.31"]
[SourceQuality "1"]

1. Nf3 Nf6 2. g3 g6 3. Bg2 Bg7 4. 0-0 0-0 5. d4 d6 6. b3 c5 7. Bb2 cxd4 8. Nxd4 Qb6 9. c4 Nc6 10. Nxc6 bxc6 11. Nc3 Bb7 12. Na4 Qc7 13. c5 d5 14. Rc1 e5 15. b4 Nd7 16. Qd2 a5 17. b5 e4 18. Bxg7 Kxg7 19. Nb6 Nxb6 20. cxb6 Qxb6 21. bxc6 Ba6 22. Qxd5 Bxe2 23. Rfe1 Bd3 24. Bxe4 Bxe4 25. Qxe4 Rac8 26. a4 Rfe8 27. Qxe8 Rxe8 28. Rxe8 Qc7 29. Re7 1-0

[Event "Vladimir op-B"]
[Site "Vladimir"]
[Date "2008.08.22"]
[Round "10.11"]
[White "Loshakov, Dmitry"]
[Black "Shustov, Igor"]
[Result "1-0"]
[WhiteElo "2001"]
[BlackElo "2050"]
[PlyCount "121"]
[EventDate "2008.08.12"]
[EventType "swiss"]
[EventRounds "10"]
[EventCountry "RUS"]
[SourceTitle "EXT 2022"]
[Source "ChessBase"]
[SourceDate "2021.10.06"]
[SourceVersion "1"]
[SourceVersionDate "2021.10.06"]
[SourceQuality "1"]

1. d4 d5 2. Bg5 h6 3. Bh4 Nf6 4. e3 e6 5. Bd3 c5 6. c3 Nc6 7. Nf3 Be7 8. Nbd2 Nd7 9. Bxe7 Qxe7 10. Bb5 0-0 11. 0-0 e5 12. Bxc6 bxc6 13. dxe5 Nxe5 14. Nxe5 Qxe5 15. Qa4 Qc7 16. Qa3 c4 17. e4 Qf4 18. Rad1 Rb8 19. exd5 cxd5 20. Nf3 Bg4 21. Rd4 Qf5 22. Nh4 Qh5 23. f3 Be6 24. g3 Bh3 25. Ng2 Qe5 26. Rd2 Bxg2 27. Kxg2 Rb7 28. Rff2 Rd8 29. Rfe2 Qf6 30. Qa4 Re7 31. Qd1 Rxe2+ 32. Qxe2 a5 33. g4 Qe6 34. Qd1 h5 35. Rd4 hxg4 36. fxg4 f5 37. g5 Rb8 38. Qd2 Re8 39. Rxd5 Qe4+ 40. Kf2 Qh4+ 41. Kg2 Qg4+ 42. Kf2 Qh4+ 43. Kg2 Qe4+ 44. Kf2 Qh1 45. Rd8 Qxh2+ 46. Kf3 Qh3+ 47. Kf2 Rxd8 48. Qxd8+ Kh7 49. Qxa5 Qh4+ 50. Kf1 Qxg5 51. b4 Qf4+ 52. Kg2 Qg4+ 53. Kf1 f4 54. Qe5 Qh3+ 55. Kf2 Qh4+ 56. Kf1 Qh3+ 57. Kf2 Qg3+ 58. Kf1 Qg4 59. Qe4+ g6 60. Qe7+ Kh6 61. Qf8+ 1-0

[Event "Vladimir op-B"]
[Site "Vladimir"]
[Date "2008.08.13"]
[Round "2"]
[White "Loshakov, Dmitry"]
[Black "Lagashin, Pavel"]
[Result "0-1"]
[WhiteElo "2001"]
[BlackElo "1986"]
[PlyCount "112"]
[EventDate "2008.08.12"]
[EventType "swiss"]
[EventRounds "10"]
[EventCountry "RUS"]
[SourceTitle "CBM 126 Extra"]
[Source "ChessBase"]
[SourceDate "2008.11.05"]
[SourceVersion "1"]
[SourceVersionDate "2008.11.05"]
[SourceQuality "1"]

1. d4 Nf6 2. Nf3 e6 3. Bg5 h6 4. Bh4 g5 5. Bg3 Bg7 6. e3 d6 7. h3 Ne4 8. Bh2 c5 9. c3 0-0 10. Bd3 d5 11. Nbd2 f5 12. Ne5 Nc6 13. Nxc6 bxc6 14. Bxe4 dxe4 15. dxc5 Qd3 16. Nb3 e5 17. Qxd3 exd3 18. 0-0-0 Ba6 19. Na5 Rac8 20. c4 e4 21. f3 Bf6 22. Bd6 Rf7 23. g4 Bd8 24. Nb3 Bxc4 25. Nd2 Bxa2 26. b3 Bf6 27. gxf5 exf3 28. e4 Re8 29. e5 Bxe5 30. Bxe5 Rxe5 31. Kb2 Rfxf5 32. Kxa2 Rxc5 33. Nc4 f2 34. Ne3 Rf3 35. Rxd3 Re5 36. Rd8+ Kg7 37. Nf1 Re1 38. Rd6 Rg3 39. Nxg3 Rxh1 40. Rxc6 f1Q 41. Nxf1 Rxf1 42. Rc3 Kg6 43. Kb2 Kh5 44. b4 Kh4 45. b5 Rf5 46. Rb3 h5 47. Kc2 Rd5 48. Kc3 g4 49. Kc4 Rd7 50. hxg4 hxg4 51. b6 axb6 52. Rxb6 g3 53. Rh6+ Kg4 54. Rh8 Kf3 55. Kc3 Rf7 56. Kd2 g2 0-1

[Event "Kostroma Volga Cup op"]
[Site "Kostroma"]
[Date "2008.07.??"]
[Round "3"]
[White "Inyakina, Alina"]
[Black "Loshakov, Dmitry"]
[Result "0-1"]
[WhiteElo "1820"]
[BlackElo "2001"]
[PlyCount "96"]
[EventDate "2008.07.??"]
[EventType "swiss"]
[EventRounds "9"]
[EventCountry "RUS"]
[SourceTitle "EXT 2009"]
[Source "ChessBase"]
[SourceDate "2008.11.26"]
[SourceVersion "1"]
[SourceVersionDate "2008.11.26"]
[SourceQuality "1"]

1. d4 Nf6 2. Nf3 c5 3. e3 g6 4. Bd3 Bg7 5. c3 b6 6. Nbd2 Bb7 7. 0-0 0-0 8. Re1 cxd4 9. exd4 d5 10. Ne5 Nc6 11. Ndf3 Nd7 12. Nxc6 Bxc6 13. Bf4 e6 14. Qd2 Qe7 15. Bh6 Rfb8 16. Bxg7 Kxg7 17. Qe2 b5 18. Ne5 Nxe5 19. Qxe5+ Qf6 20. a3 a5 21. Qxf6+ Kxf6 22. Rac1 Bd7 23. f4 b4 24. axb4 axb4 25. Re2 bxc3 26. bxc3 Ra3 27. Re3 Rb2 28. Re2 Rbb3 29. Rec2 Ba4 30. g3 Rb6 31. Rd2 Rbb3 32. Rdc2 Ke7 33. Bf1 h5 34. Kf2 Kf6 35. Be2 g5 36. Bxh5 gxf4 37. gxf4 Rb8 38. Re2 Rh8 39. Bf3 Bb5 40. Rb2 Rxh2+ 41. Bg2 Bd3 42. Kg3 Rh8 43. Kf2 Rc8 44. Ke3 Raxc3 45. Rxc3 Rxc3 46. Kd2 Ra3 47. Ke1 Bg6 48. Kf2 Kf5 0-1

[Event "Kostroma Volga Cup op"]
[Site "Kostroma"]
[Date "2008.07.??"]
[Round "5"]
[White "Tsarukian, Elis"]
[Black "Loshakov, Dmitry"]
[Result "1/2-1/2"]
[WhiteElo "2246"]
[BlackElo "2001"]
[PlyCount "96"]
[EventDate "2008.07.??"]
[EventType "swiss"]
[EventRounds "9"]
[EventCountry "RUS"]
[SourceTitle "EXT 2009"]
[Source "ChessBase"]
[SourceDate "2008.11.26"]
[SourceVersion "1"]
[SourceVersionDate "2008.11.26"]
[SourceQuality "1"]

1. e4 c5 2. Nf3 Nc6 3. d4 cxd4 4. Nxd4 Nf6 5. Nc3 e5 6. Ndb5 d6 7. Bg5 a6 8. Na3 b5 9. Nd5 Be7 10. Bxf6 Bxf6 11. c3 Be6 12. Nc2 Bxd5 13. exd5 Ne7 14. a4 bxa4 15. Rxa4 Qb6 16. Rb4 Qc5 17. Ne3 0-0 18. Bd3 g6 19. Rc4 Qb6 20. Qe2 Bg7 21. 0-0 f5 22. Rb4 Qa5 23. Rb7 Rf7 24. b4 Qd8 25. Bxa6 f4 26. Nc2 f3 27. gxf3 Rxa6 28. Qxa6 Qc8 29. Qa7 Bf8 30. Qb8 Qh3 31. Qxd6 Rf5 32. Qe6+ Kh8 33. Ne3 Rg5+ 34. Ng4 Qxf3 35. h3 h5 36. Rb8 Ng8 37. Rxf8 Qxf8 38. f3 Qf4 39. Kg2 Nh6 40. Ra1 hxg4 41. Ra8+ Kg7 42. Qe7+ Nf7 43. Qf8+ Kh7 44. Qg8+ Kh6 45. Qf8+ Kh7 46. hxg4 e4 47. Qg8+ Kh6 48. Qf8+ Kh7 1/2-1/2